000 00353nam a2200133Ia 4500
008 230725s1989 xx 000 0 und d
041 _aeng
082 _a612.611/WIN
100 _aWinwood &SSmith
245 _aAnatomy & Physiology for Nurses
_bHUMAN ANATOMY AND PHYSIOLOGY
260 _bEDWALD ARNOLD
_c1989
300 _a311
500 _aTEXT BOOK
999 _c757748
_d757748